| 000 | 00908cam a22002893a 4500 | ||
|---|---|---|---|
| 001 | 21614 | ||
| 003 | PGUSA | ||
| 005 | 20140828083447.0 | ||
| 008 | 070526s2007||||xxu|||||s|||||000 1 eng d | ||
| 040 |
_aPGUSA _beng |
||
| 042 | _adc | ||
| 050 | 4 | _aPZ | |
| 100 | 1 |
_aHenty, G. A. _q(George Alfred), _d1832-1902 |
|
| 245 | 1 | 0 |
_aFor the Temple : _bA Tale of the Fall of Jerusalem _h[electronic resource] / _cG. A. Henty |
| 260 |
_bProject Gutenberg, _c2007 |
||
| 506 | _aPublic domain in the USA. | ||
| 516 | _aElectronic text | ||
| 653 | _aTemple of Jerusalem (Jerusalem) -- Juvenile fiction | ||
| 653 | _aRomans -- Juvenile fiction | ||
| 653 | _aWar stories | ||
| 653 | _aConduct of life -- Juvenile fiction | ||
| 653 | _aSoldiers -- Juvenile fiction | ||
| 653 | _aJews -- Juvenile fiction | ||
| 830 | 0 |
_aProject Gutenberg _v21614 |
|
| 856 | 4 | 0 | _uhttp://www.gutenberg.org/ebooks/21614 |
| 942 | _cEB | ||
| 999 |
_c250869 _d250869 |
||